Purchasing and materials management / (Record no. 140090)

MARC details
000 -LEADER
fixed length control field 00828nam a2200277 a 4500
008 - FIXED-LENGTH DATA ELEMENTS--GENERAL INFORMATION
fixed length control field
020 ## - INTERNATIONAL STANDARD BOOK NUMBER
International Standard Book Number 0627022146 (pbk.)
090 ## - LOCALLY ASSIGNED LC-TYPE CALL NUMBER (OCLC); LOCAL CALL NUMBER (RLIN)
Classification number (OCLC) (R) ; Classification number, CALL (RLIN) (NR) HD39.5
Local cutter number (OCLC) ; Book number/undivided call number, CALL (RLIN) HUG
003 - CONTROL NUMBER IDENTIFIER
control field
005 - DATE AND TIME OF LATEST TRANSACTION
control field 20250106135445.0
040 ## - CATALOGING SOURCE
Transcribing agency NUST
049 ## - LOCAL HOLDINGS (OCLC)
Holding library MAIN
100 1# - MAIN ENTRY--PERSONAL NAME
Personal name Hugo, W.M.J.
245 10 - TITLE STATEMENT
Title Purchasing and materials management /
Statement of responsibility, etc. W.M.J. Hugo, D.C. Van Rooyen, [and] J.A. Badenhorst.
260 ## - PUBLICATION, DISTRIBUTION, ETC.
Place of publication, distribution, etc. Pretoria :
Name of publisher, distributor, etc. J.L. van Schaik,
Date of publication, distribution, etc. 1997.
300 ## - PHYSICAL DESCRIPTION
Extent 3rd ed.
300 ## - PHYSICAL DESCRIPTION
Extent 397 p. :
Other physical details ill. ;
Dimensions 25cm.
500 ## - GENERAL NOTE
General note Includes index.
504 ## - BIBLIOGRAPHY, ETC. NOTE
Bibliography, etc. note Includes bibliographical references.
650 #0 - SUBJECT ADDED ENTRY--TOPICAL TERM
Topical term or geographic name entry element Industrial procurement.
650 #0 - SUBJECT ADDED ENTRY--TOPICAL TERM
Topical term or geographic name entry element Materials management.
700 ## - ADDED ENTRY--PERSONAL NAME
Personal name Badenhorst, J.A.
700 ## - ADDED ENTRY--PERSONAL NAME
Personal name Van Rooyen, D.C.
907 ## - LOCAL DATA ELEMENT G, LDG (RLIN)
a .b1030356x
b 01-12-11
c 17-11-11
942 ## - ADDED ENTRY ELEMENTS (KOHA)
Koha item type Ordinary Loan Books
Call number prefix HD39.5
Call number suffix HUG
Koha issues (borrowed), all copies 1
Holdings
Date last seen Total Checkouts Full call number Barcode Date last checked out Cost, replacement price Price effective from Koha item type Lost status Source of classification or shelving scheme Damaged status Not for loan Collection Withdrawn status Home library Current library Shelving location Date acquired Cost, normal purchase price
02/07/2025 25 HD39.5 HUG 92004022658 01/06/2025 80.00 01/23/2023 BOOKS   LCC     NFIC   MAIN MAIN GEN 01/23/2023 80.00